000
00305nam a22001217a 4500
020
_a
981-3091-67-3
082
_a
005.3 HER'M
100
_a
HERGERT, DOUGLAS ,KAMIN, JONATHONKAMIN,
_9
60821
245
_a
MASTERING FRANEWORK III
260
_a
USA
_b
TECH PUBLICATIONS
_c
1985
300
_a
613P
942
_c
BK
999
_c
570450
_d
570450